000
00308 a2200133 4500
001
194776
040
_c
Magnum
100
_a
Barreto, Lima
240
1
0
_a
O triste fim de Policarpo quaresma
_l
por
245
1
0
_a
O triste fim de Policarpo quaresma
300
_a
104
697
_a
LITERATURA GERAL
942
_c
BK
999
_c
194776
_d
194776